Central Library OPAC University of Rajshahi

The American symphony orchestra : (Record no. 16590)

MARC details
000 -LEADER
fixed length control field 00953cam a22002891 4500
001 - CONTROL NUMBER
control field 16590
003 - CONTROL NUMBER IDENTIFIER
rucl marc code BD-RjUL
005 - DATE AND TIME OF LATEST TRANSACTION
control field 20211209000028.0
008 - FIXED-LENGTH DATA ELEMENTS--GENERAL INFORMATION
fixed length control field 140215t1951 inuacf b 001 0 eng
035 ## - SYSTEM CONTROL NUMBER
System control number (BD-RjUL)16645
System control number (OCoLC)599406
040 ## - CATALOGING SOURCE
Original cataloging agency DLC
Transcribing agency ODaWU
Modifying agency OCoLC
-- DLC
-- BD-RjUL
Language of cataloging eng
041 ## - LANGUAGE CODE
Language code of text/sound track or separate title eng
082 00 - DEWEY DECIMAL CLASSIFICATION NUMBER
Classification number 785
Author mark and year MUA 1951
100 1# - MAIN ENTRY--PERSONAL NAME
Personal name Mueller, John Henry,
Dates associated with a name 1895-1965.
9 (RLIN) 51249
245 14 - TITLE STATEMENT
Title The American symphony orchestra :
Remainder of title a social history of musical taste /
Statement of responsibility, etc. John H. Mueller.
260 ## - PUBLICATION, DISTRIBUTION, ETC. (IMPRINT)
Place of publication, distribution, etc. Bloomington :
Name of publisher, distributor, etc. Indiana University Press,
Date of publication, distribution, etc. c1951.
300 ## - PHYSICAL DESCRIPTION
Pagination xii, 437 p. :
Illustrations ill., ports., pls. ;
Size 24 cm.
504 ## - BIBLIOGRAPHY, ETC. NOTE
Bibliography, etc Bibliographical references and index,
650 #0 - SUBJECT ADDED ENTRY--TOPICAL TERM
Topical term or geographic name as entry element Music
Geographic subdivision United States
General subdivision History and criticism.
9 (RLIN) 51250
Topical term or geographic name as entry element Symphony orchestras
Geographic subdivision United States.
9 (RLIN) 51251
Topical term or geographic name as entry element Composers.
9 (RLIN) 51252
Topical term or geographic name as entry element Orchestra.
9 (RLIN) 51253
942 ## - ADDED ENTRY ELEMENTS (KOHA)
Source of classification or shelving scheme Dewey Decimal Classification
Koha item type Books
Holdings
Lost status Source of classification or shelving scheme Damaged status Not for loan Collection code Permanent Location Current Location Shelving location Date acquired Source of acquisition Total Checkouts Full call number Date last seen Copy number Koha item type
  Dewey Decimal Classification   Not For Loan Non-fiction Central Library, University of Rajshahi Central Library, University of Rajshahi Reading Room 01/03/1958 U.S.I.S dacca   785 MUA 1951 15/02/2014 C-1 Books